00604 2200217 4500001002100000005001500021020002200036035002400058040001200082082002100094084001900115090001900134245007100153250001100224260004600235300003500281650003100316700001100347850001200358990001600370YOGYA00000000010061220140823125844 a978-979-26-1895-2 0010-111300000000733 aYOPDYOG 2[22]aDEP 540.07 aDEP 540.07 Fok aDEP 540.07 Fok aFokus kuasai kimia SMP /cPenyusun Tim Bimbel ; Penyunting, Yunisa aCet.1. aYogyakartab: Citra Media Pustaka ;c2012 aiii,228 hlm.b: ilus.;c15 cm. aKimia-Studi dan Pengajaran aYunisa aYOPDYOG a1693/B.2013